01323cam a22003011 450000100060000000300080000600500170001400800410003103500190007204000320009104100110012308200180013410000400015224501450019226000440033730000300038150000420041150001060045350400310055965000470059065000350063770000240067270000300069694200120072699900170073895201280075595201380088329957BD-RjUL20211209051504.0140408r19641900nyu b 000 0 eng d a(BD-RjUL)30042 aDLCcDLCdDLCdBD-RjULbeng1 aengund00a412bBRS 19641 aBréal, Michel,d1832-1915.99115710aSemantics : cby Michel Bréal. Translated by Mrs. Henry Cust. With a new introd. by Joshua Whatmough.bstudies in the science of meaning / aNew York :bDover Publications,cc1964. alxxviii, 341 p. ;c22 cm. aTranslation of Essai de sémantique. a"Unabridged and unaltered republication of the work first published by Henry Holt & Company in 1900." aBibliographical footnotes. 0aIndo-European languagesxSemantics.991158 0aLanguage and languages.9911591 aCust, Henry 9911601 aWhatmough, Joshua 991161 2ddccBK c29957d29957 00102ddc40708NFICaRUCLbRUCLcStackd1971-01-30eZeitlingerl0o412 BRS 1964r2014-04-08 00:00:00tC-2w2014-04-08yBK 00102ddc40718NFICaRUCLbRUCLcReadingd1968-07-20eSweet + Zeitlingerl0o412 BRS 1964r2014-04-15 00:00:00tC-1w2014-04-15yBK